| 000 | 00524nam a22002177a 4500 | ||
|---|---|---|---|
| 003 | SEACOMEC | ||
| 005 | 20250909152112.0 | ||
| 008 | 230928b |||||||| |||| 00| 0 eng d | ||
| 020 | _cRs.185.00 | ||
| 040 | _aSEACOMEC | ||
| 082 |
_a512 _bS617 |
||
| 100 | _aSingh, Surjeet | ||
| 245 |
_aModern Algebra _cSurjeet Singh and Jamiruddin Qazi |
||
| 250 | _a8th ed | ||
| 260 |
_aNew Delhi _bVikash _c2006 |
||
| 650 | _aMathematics | ||
| 650 | _aAlgebra | ||
| 650 | _aModern Algebra | ||
| 700 | _aQazi, Jamiruddin | ||
| 942 | _cBOOK | ||
| 999 |
_c4 _d4 |
||